El origen de las especies: ilustrado

Saved in:
Bibliographic Details
Main Author: Darwin Charles (Author)
Format: Book
Language:Spanish
Published: Barcelona Reseña 1983
Edition:1a. ed
Subjects:
Tags: Add Tag
No Tags, Be the first to tag this record!

MARC

LEADER 00000nam a2200000 a 4500
001 UCH6052
003 CL-VaPUC
008 091109e19830000SP |||||||||||||||||spa|d
020 |a 8476281188 
082 0 4 |a 575.016  |b DAR  |2 21 
100 |a Darwin Charles  |e author  |9 398 
245 1 3 |a El origen de las especies: ilustrado 
250 |a 1a. ed 
300 |a 304 p 
942 |c BK 
945 |d 20091109 00:00:00  |a ccalabra 
260 |a Barcelona  |b Reseña  |c 1983 
650 0 |a Biología  |9 262022 
650 0 |a Evolución  |9 259442 
650 7 |a ESPECIES HUMANAS  |2 CL-VaPUC  |9 542435 
650 0 |a Morfología  |9 334440 
650 7 |a SELECCION NATURAL  |2 CL-VaPUC  |9 261742 
650 0 |a Embriología  |9 269729 
650 7 |a EVOLUCION GENETICA  |2 CL-VaPUC  |9 375176 
583 |a last modification  |c 20091109 00:00:00  |k Rodrigo Vera 
999 |c 337021  |d 337019